| 000 | 00836nmc a2200301 a 4500 | ||
|---|---|---|---|
| 003 | AR-BaBNM | ||
| 005 | 20251128203640.0 | ||
| 008 | 157019s1968 ||||||||||||||000 | spa|| | ||
| 040 | _cAR-BaBNM | ||
| 100 | 1 | _aStevens, Glenn Z. | |
| 245 | 1 | 0 | _aEducación agrotécnica |
| 260 |
_aBuenos Aires _bTroquel _c1968 |
||
| 300 | _a154 p. | ||
| 490 | 0 | _aBiblioteca de la nueva educación | |
| 500 | _aContiene glosario | ||
| 504 | _aBibliografía: p. 145-146 | ||
| 650 | 4 | _aENSENANZA TECNICA | |
| 650 | 4 | _aCAPACITACION AGRICOLA | |
| 650 | 4 | _aINGENIERIA AGRICOLA | |
| 650 | 4 | _aEDUCACION DE ADULTOS | |
| 650 | 4 | _aENSENANZA PROFESIONAL | |
| 650 | 4 | _aINVESTIGACION AGRICOLA | |
| 653 | _aENSENANZA AGRARIA | ||
| 700 | 1 |
_aSwanson, Gordon I. _eprologuista |
|
| 700 | 1 |
_aClementi, José _etraductor |
|
| 942 | _cBK | ||
| 998 | _cSILVI | ||
| 999 |
_c4319 _d4319 |
||